1931 1760 1216 1747 1513 1472 1997 1799 1871 1200 1335 1707 1356 1115 1082 1620 1884 1500 1717 1934 1995 1108 1980 1397 1978 1929 1093 1884 1787 1148 1668 1882 1148 1651 1628 1093 1990 1614 1109 1820 1608 1400 1383 1151 1282 1038 1067 1501 1300 1079 1736 1552 1376 1695 1176 1573 1261 1485 1257 1814 1936 1490 1771 1218 1142 1000 1472 1603 1718 1334 1811 1678 1881 1717 1800 1678 1381 1739 1158 1223 1255 1178 1776 1575 1079 1387 1816 1963 1228 1834 1209 1764 1679 1742 1459 1137 1188 1441 1098 BCNSPRNW ULIB Ver.6.0+V

เปลี่ยนเป็นภาษาไทย

Change to English
 แสดงรายละเอียดบรรณานุกรม
  กลับหน้าหลัก

Brief Record : Get Marc (ISO 2709) : E-mail record : QR code < ปิดหน้าต่าง
LEADER : 00000nam 2200000uu 4500
001    13399114276
003     ULIB
008    110309s||||||||th 000 0 tha d
020    9749123727
060  4 QV766^bว862ย
100 0  วุฒิ วุฒิธรรมเวช
245 00 ย่อเภสัชกรรมไทยและสรรพคุณสมุนไพร/^cวุฒิ วุฒิธรรมเวช
250    พิมพ์ครั้งที่ 3
260    กรุงเทพฯ:^bศิลป์สยามบรรจุภัณฑ์และการพิมพ์,^c2552
300    224 หน้า
650  7 สมุนไพร
650  7 เภสัชกรรมไทย
945    ^p150^l0^i031291
995    ทศพร
999 ^a ใช้งานได้ทุกระบบ
รายการนี้ยังไม่มีแท็ก
คุณยังไม่ได้ล็อกอิน คุณสามารถมีกิจกรรมร่วมกับเว็บไซต์ได้ แต่ต้องล็อกอินก่อน ::
  ล็อกอิน

รายการสื่อสารสนเทศ

ลำดับที่ ประเภท เลขเรียก/บาร์โค้ด สถานที่ สถานะ
- ไม่พบข้อมูล -

รายการใกล้เคียง
    ผู้แต่ง [วุฒิ วุฒิธรรมเวช]

    หัวเรื่อง [สมุนไพร]
    หัวเรื่อง [เภสัชกรรมไทย]

BibComment


ยังไม่เคยถูกคอมเมนท์

คอมเมนท์ทรัพยากรรายการนี้
  คอมเมนท์: ย่อเภสัชกรรมไทยแล..


 Copyright 2026. Bcnsprnw @Library